| 000 | 00961cam a2200301 4500 | ||
|---|---|---|---|
| 001 | 28941 | ||
| 005 | 20230410124122.0 | ||
| 008 | 710104s1969 nyuabc b 001 0 eng | ||
| 035 | _9(DLC) 69013421 | ||
| 035 | _a2179696 | ||
| 942 |
_2lcc _cbk |
||
| 010 | _a69013421 | ||
| 040 |
_aDLC _cDLC _dDLC |
||
| 041 | 1 | _aengspa | |
| 043 | _acl----- | ||
| 050 | 1 | 4 |
_aN 6502 _bC347h 1969 |
| 082 | 0 | 0 | _a709.8 |
| 100 | 1 | _aCastedo, Leopoldo. | |
| 245 | 1 | 2 |
_aA history of Latin American art and architecture from pre-Columbian times to the present / _cLeopoldo Castedo, translated and edited by Phyllis Freeman. |
| 260 |
_aNew York : _bPraeger, _c[1969] |
||
| 300 |
_a320 p. _billus. (part col.), maps, ports. _c22 cm. |
||
| 350 | _a$8.95 | ||
| 490 | 0 | _aPraeger world of art series | |
| 504 | _aBibliography: p. 297-299. | ||
| 650 | 0 |
_aArt, Latin American _xHistory. |
|
| 710 | 2 |
_aJay I. Kislak Reference Collection (Library of Congress) _5DLC |
|
| 999 |
_c71363 _d71363 |
||